|
|
|
|
| LEADER |
00000nam0a2200000 4500 |
| 001 |
271143 |
| 005 |
20231101234416.0 |
| 035 |
|
|
|a (RuTPU)RU\TPU\book\294324
|
| 035 |
|
|
|a RU\TPU\book\121519
|
| 090 |
|
|
|a 271143
|
| 100 |
|
|
|a 20141006d1987 km y0rusy5003 ca
|
| 101 |
0 |
|
|a rus
|
| 102 |
|
|
|a RU
|
| 105 |
|
|
|a a z 000cy
|
| 200 |
1 |
|
|a Очерки о свойствах кристаллов
|f М. П. Шаскольская
|
| 205 |
|
|
|a 2-е изд., испр.
|
| 210 |
|
|
|a Москва
|c Наука
|d 1987
|
| 215 |
|
|
|a 176 с.
|c ил.
|
| 606 |
1 |
|
|a Кристаллы
|2 stltpush
|3 (RuTPU)RU\TPU\subj\16350
|9 42442
|
| 610 |
1 |
|
|a кристаллография
|
| 610 |
1 |
|
|a свойства
|
| 610 |
1 |
|
|a структура
|
| 610 |
1 |
|
|a симметрия
|
| 610 |
1 |
|
|a электрические свойства
|
| 610 |
1 |
|
|a оптические свойства
|
| 610 |
1 |
|
|a механические свойства
|
| 675 |
|
|
|a 548
|v 3
|
| 700 |
|
1 |
|a Шаскольская
|b М. П.
|g Марианна Петровна
|4 070
|
| 801 |
|
0 |
|a RU
|b RuMRKP
|c 19950417
|g psbo
|
| 801 |
|
1 |
|a RU
|b 63413507
|c 20070327
|g PSBO
|
| 801 |
|
2 |
|a RU
|b 63413507
|c 20190911
|g PSBO
|
| 942 |
|
|
|c BK
|